From Delos to Delphi : a literary study of the Homeric Hymn to Apollo /

Bibliographic Details
Main Author: Miller, Andrew M.
Format: Book
Language:English
Published: Leiden : E.J. Brill, 1986.
Series:Mnemosyne, bibliotheca classica Batava. Supplementum ; 93.
Subjects:

MARC

Tag First Indicator Second Indicator Subfields
LEADER 00000cam a2200000 a 4500
001 in00000036244
005 20151007055421.0
008 860603s1986 ne b 00110 eng
010 |a  86167397  
020 |a 9004076743 (pbk.) 
035 |a (OCoLC)13697138 
035 |9 AAB8188AM 
040 |a DLC  |c DLC  |d m/c  |d TXA  |d UtOrBLW 
049 |a TXAM  |c [A11087402] 
050 0 0 |a PA4023.H81  |b M55 1986 
082 0 |a 884/.01  |2 19 
100 1 |a Miller, Andrew M. 
245 1 0 |a From Delos to Delphi :  |b a literary study of the Homeric Hymn to Apollo /  |c by Andrew M. Miller. 
264 1 |a Leiden :  |b E.J. Brill,  |c 1986. 
300 |a xii, 130 pages ;  |c 25 cm. 
336 |a text  |b txt  |2 rdacontent 
337 |a unmediated  |b n  |2 rdamedia 
338 |a volume  |b nc  |2 rdacarrier 
490 1 |a Mnemosyne, bibliotheca classica Batava. Supplementum ;  |v 93 
504 |a Bibliography: pages [122]-123. 
500 |a Includes indexes. 
630 0 0 |a Hymn to Apollo. 
650 0 |a Apollo (Greek deity) in literature. 
600 0 0 |a Homer  |x Authorship. 
730 0 |a Hymn to Apollo. 
830 0 |a Mnemosyne, bibliotheca classica Batava.  |p Supplementum ;  |v 93. 
999 |a MARS 
999 f f |s 255e16ba-b453-340e-8aa3-7c763a061f20  |i bfbb36f2-b117-3e27-9634-9cd8f6fa6151  |t 0 
952 f f |p normal  |a Texas A&M University  |b College Station  |c Sterling C. Evans Library  |d Evans: Library Stacks  |t 0  |e PA4023.H81 M55 1986  |h Library of Congress classification  |i unmediated -- volume  |m A14811087402 
998 f f |a PA4023.H81 M55 1986  |t 0  |l Evans: Library Stacks